000 01585cam a22001934a 4500
005 20250605164134.0
008 250528s ||||||||||||||||||||||||d
035 _a18704
020 _a9604600478
040 _aGR-AtMCL
_bgre
_dGR-AtMCL
_eAACR2
245 1 _aΜνήμη και Γλώσσα / Οι Διαδικασίες Κατάκτησης και Επεξεργασίας των Γλωσσικών Πληροφοριών στη Μνήμη
260 _bΣαββάλας,
_c1994
300 _a160
520 _aΤο παρόν βιβλίο καταγράφει και εξηγεί τις σύγχρονες θεωρίες για τις δομές και τις διαδικασίες κατάκτησης, επεξεργασίας και συγκράτησης στη μνήμη γλωσσικών πληροφοριών που λαμβάνουν χώρα στον ψυχισμό μας. Εισαγωγή: Τι Είναι Μνήμη, Τα Συστατικά Στοιχεία του Μνημονικού Συστήματος, Οι Γνωστικές Δομές ή οι Παραστάσεις των Γνώσεων στο Μνημονικό Σύστημα, Οι Διαδικασίες Επεξεργασίας της Γλωσσικής Πληροφορίας, Ανάκληση της Πληροφορίας, Επισκόπηση του Συνόλου των Θεωριών Κατανόησης και Απομνημόνευσης, Συμπέρασμα, Βιβλιογραφία.
700 1 _aKekenbosch Christiane
_94960
942 _cBK
999 _c4030
_d4030